[Event "6th Wichern Open"]
[Site "Hamburg GER"]
[Date "2001.10.18"]
[EventDate "2001.10.13"]
[Round "6"]
[Result "0-1"]
[White "C Zacharias"]
[Black "Enam Hossain"]
[WhiteElo "2201"]
[BlackElo "2419"]
[PlyCount "84"]

1. e4 c5 2. Nf3 Nc6 3. d4 cxd4 4. Nxd4 Nf6 5. Nc3 e5 6. Ndb5 d6 7. Bg5 a6
8. Na3 b5 9. Bxf6 gxf6 10. Nd5 f5 11. c3 Bg7 12. exf5 Bxf5 13. Nc2 Be6 14.
Nce3 Ne7 15. g3 Nxd5 16. Nxd5 O-O 17. Bg2 Rb8 18. O-O a5 19. a3 Qd7 20. Qh5
f5 21. Rad1 Kh8 22. f4 e4 23. Rd2 Qb7 24. Rfd1 Rbc8 25. Bh3 Rc5 26. Ne3 Bf7
27. Qe2 Bb3 28. Re1 Qd7 29. Nxf5 Rcxf5 30. Qxe4 Qa7+ 31. Kh1 R5f6 32. Bf1
Re6 33. Qxe6 Bxe6 34. Rxe6 b4 35. axb4 axb4 36. cxb4 Qa8+ 37. Kg1 d5 38. b5
Re8 39. Rxe8+ Qxe8 40. Kf2 Qe4 41. Bg2 Bd4+ 42. Kf1 Qe3 0-1

[Event "5th United Insurance"]
[Site "Dhaka BAN"]
[Date "2001.02.26"]
[EventDate "2001.02.19"]
[Round "8"]
[Result "0-1"]
[White "Enam Hossain"]
[Black "I Rausis"]
[WhiteElo "2323"]
[BlackElo "2525"]
[PlyCount "70"]

1. e4 g6 2. d4 Bg7 3. Nc3 c6 4. Nf3 d5 5. h3 dxe4 6. Nxe4 Bf5 7. Ng3 Be6 8.
c4 b5 9. cxb5 Nf6 10. Bd3 O-O 11. O-O cxb5 12. Bxb5 Qb6 13. Qa4 Bd5 14. Be2
Nc6 15. Be3 Rfc8 16. Rfc1 a5 17. Rc5 Qxb2 18. Rac1 Qb7 19. Bb5 Na7 20. Qxa5
Rxc5 21. Rxc5 Nxb5 22. Qxb5 Bxf3 23. gxf3 Qxf3 24. a4 h5 25. a5 h4 26. Qe2
Qb7 27. Nf1 Ne4 28. Rb5 Qd7 29. Qb2 Kh7 30. Rb7 Qxh3 31. Rxe7 Nd6 32. Qe2
Bf6 33. Rc7 Rxa5 34. Rc5 Ra1 35. Bf4 Rxf1+ 0-1

[Event "6th Wichern Open"]
[Site "Hamburg GER"]
[Date "2001.10.17"]
[EventDate "2001.10.13"]
[Round "5"]
[Result "0-1"]
[White "Enam Hossain"]
[Black "A Gershon"]
[WhiteElo "2419"]
[BlackElo "2556"]
[PlyCount "64"]

1. e4 c5 2. Nf3 Nc6 3. d4 cxd4 4. Nxd4 Nf6 5. Nc3 d6 6. Bg5 e6 7. Qd2 a6 8.
O-O-O Qb6 9. Bxf6 gxf6 10. Nb3 Bd7 11. f4 O-O-O 12. Kb1 Kb8 13. Be2 h5 14.
Rhf1 Be7 15. h4 Na5 16. Nxa5 Qxa5 17. f5 Qe5 18. Bf3 Rc8 19. Ne2 Bf8 20.
Nd4 Qc5 21. Qe2 Qb4 22. Rfe1 e5 23. Nb3 Bb5 24. Qf2 Rc7 25. Nc1 Be7 26. a3
Qa4 27. Na2 Rhc8 28. Rd2 d5 29. exd5 Bc5 30. d6 Bxf2 31. dxc7+ Rxc7 32.
Rxf2 Qxh4 0-1

[Event "5th United Insurance"]
[Site "Dhaka BAN"]
[Date "2001.03.02"]
[EventDate "2001.02.19"]
[Round "11"]
[Result "1-0"]
[White "N Miezis"]
[Black "Enam Hossain"]
[WhiteElo "2532"]
[BlackElo "2323"]
[PlyCount "112"]

1. c4 c5 2. Nc3 Nc6 3. g3 g6 4. Bg2 Bg7 5. d3 Nf6 6. e4 O-O 7. Nge2 Ne8 8.
a3 Nc7 9. Rb1 a5 10. Nd5 Nxd5 11. exd5 Nd4 12. Nxd4 Bxd4 13. O-O d6 14. b4
axb4 15. axb4 b6 16. Bb2 Bxb2 17. Rxb2 Qc7 18. Re1 Ra7 19. d4 cxd4 20. Qxd4
e5 21. dxe6 Bxe6 22. Bd5 Bxd5 23. cxd5 Raa8 24. Rbe2 b5 25. Re4 Rac8 26. h4
Qc4 27. Qd2 Qc2 28. Qh6 Ra8 29. Qf4 Qd3 30. h5 Qxd5 31. h6 Qf5 32. Qxd6 Qg5
33. Rh4 Rad8 34. Qe5 Qxe5 35. Rxe5 Rb8 36. Rd4 Rfe8 37. Rxe8+ Rxe8 38. Rd5
Rb8 39. Kg2 Kf8 40. Rd7 Ke8 41. Ra7 g5 42. Ra6 Ke7 43. Kf3 Rc8 44. Rb6 Rc4
45. Rxb5 g4+ 46. Ke3 Kf6 47. Kd3 Rc1 48. Rc5 Rb1 49. Rc4 Kg5 50. Rf4 f5 51.
Kc4 Rh1 52. b5 Rxh6 53. Kc5 Rf6 54. b6 h5 55. b7 Rf8 56. Ra4 1-0

[Event "6th Wichern Open"]
[Site "Hamburg GER"]
[Date "2001.10.20"]
[EventDate "2001.10.13"]
[Round "8"]
[Result "0-1"]
[White "M Womacka"]
[Black "Enam Hossain"]
[WhiteElo "2495"]
[BlackElo "2419"]
[PlyCount "84"]

1. e4 c5 2. Nf3 Nc6 3. d4 cxd4 4. Nxd4 Nf6 5. Nc3 e5 6. Ndb5 d6 7. Bg5 a6
8. Na3 b5 9. Nd5 Be7 10. Nxe7 Nxe7 11. Bd3 Bb7 12. Qe2 Nd7 13. b4 O-O 14.
c4 f6 15. Bd2 bxc4 16. Nxc4 Nb6 17. Na5 Bc8 18. O-O d5 19. Rac1 f5 20. f3
dxe4 21. fxe4 f4 22. Bb1 Ng6 23. Qf2 Nd7 24. a4 Nf6 25. Nc6 Qe8 26. b5 axb5
27. axb5 Ng4 28. Qc5 Qd7 29. Bb4 f3 30. Qc4+ Kh8 31. Bxf8 Ne3 32. Qd3 Nxf1
33. Rxf1 fxg2 34. Kxg2 Ra2+ 35. Kh1 Qxd3 36. Bxd3 Bh3 37. Bc5 Nf4 38. Rxf4
exf4 39. b6 Ra1+ 40. Bf1 Rxf1+ 41. Bg1 f3 42. b7 Bg2+ 0-1

[Event "5th United Insurance"]
[Site "Dhaka BAN"]
[Date "2001.02.24"]
[EventDate "?"]
[Round "6"]
[Result "1/2-1/2"]
[White "Enam Hossain"]
[Black "C Sandipan"]
[WhiteElo "2323"]
[BlackElo "2431"]
[PlyCount "84"]

1. e4 c5 2. Nf3 e6 3. d3 Nc6 4. g3 Nge7 5. Bg2 g6 6. h4 h6 7. O-O Bg7 8. c3 O-O
9. Qe2 e5 10. h5 d6 11. hxg6 fxg6 12. Nh2 Be6 13. Na3 Qd7 14. Bf3 Rf7 15. Bg4
Raf8 16. Kg2 g5 17. Nc4 Ng6 18. Bxe6 Qxe6 19. a4 Nce7 20. Qg4 Qf6 21. Ne3 Rd8
22. c4 Nf8 23. Nd5 Qg6 24. Nf3 Qe6 25. Qxe6 Nxe6 26. Nxe7+ Rxe7 27. Be3 Kh7 28.
Nd2 Nf4+ 29. Bxf4 exf4 30. Rab1 fxg3 31. fxg3 h5 32. Rf5 Rf8 33. Rxf8 Bxf8 34.
Nf1 Bg7 35. Ne3 a5 36. Nf5 Rf7 37. b3 Be5 38. Rd1 g4 39. Rh1 Kg6 40. Rf1 Kh7
41. Rd1 Rf6 42. Rh1 1/2-1/2

[Event "6th Wichern Open"]
[Site "Hamburg GER"]
[Date "2001.10.16"]
[EventDate "2001.10.13"]
[Round "4"]
[Result "0-1"]
[White "P Groeppel"]
[Black "Enam Hossain"]
[WhiteElo "2144"]
[BlackElo "2419"]
[PlyCount "58"]

1. d4 Nf6 2. Nf3 c5 3. d5 b5 4. Bg5 Ne4 5. Bf4 Bb7 6. Qd3 f5 7. Nfd2 c4 8.
Qd4 Qb6 9. Qxb6 axb6 10. Nxe4 fxe4 11. Nc3 Na6 12. Nxb5 Bxd5 13. a3 Bc6 14.
Nd4 Bb7 15. e3 Rc8 16. Be2 Rc5 17. Bg3 h5 18. h3 h4 19. Bh2 e5 20. b4 Rd5
21. Bxc4 exd4 22. Bxd5 Bxd5 23. exd4 Kd8 24. Bf4 Nc7 25. c3 Nb5 26. Kd2 Nd6
27. a4 Nc4+ 28. Kc2 Be7 29. a5 Rf8 0-1

[Event "5th United Insurance"]
[Site "Dhaka BAN"]
[Date "2001.03.01"]
[EventDate "2001.02.19"]
[Round "10"]
[Result "1/2-1/2"]
[White "Enam Hossain"]
[Black "N Murshed"]
[WhiteElo "2323"]
[BlackElo "2457"]
[PlyCount "122"]

1. e4 d6 2. d4 e5 3. Nf3 exd4 4. Qxd4 Bd7 5. Bg5 Nf6 6. Qd2 Be7 7. Nc3 Nc6
8. O-O-O Be6 9. Bb5 O-O 10. Bxc6 bxc6 11. Nd4 Qd7 12. f3 a5 13. g4 Rfb8 14.
Rhg1 a4 15. Nf5 Bd8 16. e5 Ne8 17. Bxd8 Qxd8 18. a3 d5 19. Qd4 Qd7 20. Ne3
c5 21. Qxc5 c6 22. Rd4 Qc7 23. Rxa4 Rxa4 24. Nxa4 Qxe5 25. Rd1 Qxh2 26. Qd4
Qg3 27. Rf1 Nd6 28. c4 Nxc4 29. Nxc4 dxc4 30. Nc3 h6 31. a4 Qg2 32. Qf2
Qxf2 33. Rxf2 Kf8 34. Kc2 Ke7 35. Rf1 g6 36. Rh1 Rh8 37. a5 Kd6 38. Ne4+
Kc7 39. Kc3 h5 40. Ng5 Bd5 41. Rh4 Kb7 42. Ne4 Ka6 43. Nd6 Kxa5 44. Nxc4+
Bxc4 45. Kxc4 Kb6 46. f4 Kc7 47. f5 Kd6 48. fxg6 fxg6 49. b4 Ke5 50. gxh5
gxh5 51. Kc5 Rh6 52. Kc4 Kf5 53. Kd3 Kg5 54. Rc4 h4 55. Ke2 h3 56. Kf3 h2
57. Rc5+ Kh4 58. Kg2 Kg4 59. Rc4+ Kf5 60. Kh1 Ke5 61. b5 cxb5 1/2-1/2

[Event "6th Wichern Open"]
[Site "Hamburg GER"]
[Date "2001.10.19"]
[EventDate "2001.10.13"]
[Round "7"]
[Result "1-0"]
[White "Enam Hossain"]
[Black "Ax Stephan"]
[WhiteElo "2419"]
[BlackElo "2311"]
[PlyCount "104"]

1. e4 c5 2. Nf3 e6 3. d3 d5 4. Nbd2 Nc6 5. g3 Nf6 6. Bg2 b6 7. O-O Bb7 8.
Re1 Be7 9. c3 O-O 10. e5 Nd7 11. Nf1 Qc7 12. Bf4 Rfb8 13. h4 b5 14. N1h2
Bf8 15. Bh3 h6 16. Ng4 d4 17. c4 bxc4 18. dxc4 Nb4 19. Bg2 Rd8 20. a3 Nc6
21. Qd3 a5 22. Nd2 h5 23. Nh2 Ne7 24. Bf3 g6 25. Bg5 Rdb8 26. Qe2 Nf5 27.
Rab1 Bg7 28. Bf4 Nb6 29. Bxh5 gxh5 30. Qxh5 Nd7 31. Ng4 Qc6 32. Ne4 Kf8 33.
Qg5 Qc8 34. h5 Bxe4 35. Rxe4 Qd8 36. h6 Qxg5 37. Bxg5 Bh8 38. Nf6 Rb7 39.
g4 Nxf6 40. exf6 Nxh6 41. Bxh6+ Ke8 42. g5 Kd7 43. b3 Kd6 44. Kf1 e5 45.
Rbe1 Rxb3 46. Rxe5 d3 47. g6 Bxf6 48. Rd5+ Kc6 49. gxf7 Bd4 50. Re6+ Kc7
51. Re8 Rb1+ 52. Kg2 1-0

[Event "6th Wichern Open"]
[Site "Hamburg GER"]
[Date "2001.10.14"]
[EventDate "2001.10.13"]
[Round "2"]
[Result "1/2-1/2"]
[White "I Rubene"]
[Black "Enam Hossain"]
[WhiteElo "2189"]
[BlackElo "2353"]
[PlyCount "64"]

1. d4 Nf6 2. Nf3 g6 3. c4 Bg7 4. g3 O-O 5. Bg2 d5 6. cxd5 Nxd5 7. O-O Nb6
8. Nc3 Nc6 9. d5 Na5 10. e4 c6 11. Bg5 h6 12. Bf4 cxd5 13. Nxd5 Nac4 14. b3
Nxd5 15. exd5 Nd6 16. Be5 Bf5 17. Re1 Re8 18. Nd4 Bd7 19. Bxg7 Kxg7 20. Rc1
Qb6 21. Qd3 Qa5 22. Qe2 Rac8 23. Rxc8 Rxc8 24. h4 h5 25. Kh2 Qc3 26. Qe5+
Kg8 27. Re3 Qd2 28. Re2 Qd1 29. Re1 Qd2 30. Re2 Qd1 31. Re1 Qd2 32. Re2
1/2-1/2